Dades estadístiques del padró municipal d'habitants de 1975 : estructura de la població de Catalunya per comarques estructura de la població de Catalunya per comarques
Descripción Física:
150 f. ; 31 cm
MARC
| LEADER | 00000nam a2200000Ia 4500 | ||
|---|---|---|---|
| 001 | 9846 | ||
| 008 | 160829s9999 xx 000 0 cat d | ||
| 080 | |a FOL-1-183 | ||
| 245 | |a Dades estadístiques del padró municipal d'habitants de 1975 : |b estructura de la població de Catalunya per comarques | ||
| 260 | |a Barcelona : |b Consorci d'Informació i Documentació de Catalunya, desembre de 1981 | ||
| 300 | |a 150 f. ; |c 31 cm | ||
| 650 | |a Enquestes demogràfiques |x Catalunya |9 36098 | ||
| 650 | |a Catalunya |x Població |9 24320 | ||
| 710 | 2 | |a Consorci d'Informació i Documentació de Catalunya |9 54862 | |
| 901 | |a Arxiu | ||
| 942 | |n 1 | ||
| 952 | |0 0 |1 0 |4 0 |6 FOL1183 |7 1 |9 47174 |a Arxiu |b Arxiu |d 2016-12-01 |l 0 |o FOL-1-183 |p 9846 |r 2016-12-01 00:00:00 |w 2016-12-01 |y ARXIU | ||
| 999 | |c 50971 |d 50971 | ||